000
00287nam a22001337a 4500
008
210302b ||||| |||| 00| 0 eng d
020
_a
0030044499
041
_a
eng
080
_a
91
100
_a
42
101
_a
GJEO
245
_a
Modern Earth Science
_c
Ramsey,L.W
942
_2
udc
_c
BK
999
_c
55535
_d
55535